000 005380000a22001570004500
090 _aAR
_b01223
245 1 0 _aRevisión de los ejemplares tipo de mamíferos recientes depositados en colecciones venezolanas
650 1 4 _aColecciones biológicas
_94146
650 1 4 _aInventarios de fauna
_993976
650 1 4 _aMamíferos
_992510
651 4 _pVenezuela
_992749
041 0 _aEspañol
100 1 _aOchoa G., José
_912291
942 _cARTICULO
773 1 _tBioLlania: conocimiento y control de murciélagos hematófagos
_3731
_h6
_q1-13
_d1989
999 _c10309
_d10309